书目信息 |
| 题名: |
左学右练英语语法 3
|
|
| 作者: | 赵世平 主编 | |
| 分册: | ||
| 出版信息: | 西安 西安交通大学出版社 2000.11 |
|
| 页数: | 230页 | |
| 开本: | 26cm | |
| 丛书名: | ||
| 单 册: | ||
| 中图分类: | H314 | |
| 科图分类: | ||
| 主题词: | 英语 | |
| 电子资源: | ||
| ISBN: | 7-5605-1311-5 | |
| 000 | 00554nam0 2200193 45 | |
| 001 | 0431374954 | |
| 005 | 2004042808425465 | |
| 010 | @a7-5605-1311-5@dCNY 17.00 | |
| 100 | @a20040428d2000 km y0chiy0120 ea | |
| 101 | 0 | @achi |
| 102 | @aCN@b610000 | |
| 200 | 1 | @a左学右练英语语法 3@AZuo Xue You Lian Ying Yu Yu Fa 3@f赵世平主编@FZhao Shi Ping Zhu Bian |
| 210 | @a西安@c西安交通大学出版社@d2000.11 | |
| 215 | @a230页@d26cm | |
| 606 | 0 | @a英语 |
| 690 | @aH314@v3 | |
| 701 | 0 | @a赵世平@AZhao Shi Ping@4主编 |
| 801 | 0 | @aCN@bPFT@c20040428 |
| 905 | @dH314@eZ324:3 | |
| 左学右练英语语法 3/赵世平主编.-西安:西安交通大学出版社,2000.11 |
| 230页;26cm |
| ISBN 7-5605-1311-5:CNY 17.00 |
| ● |
| 相关链接 |
|
|
|
正题名:左学右练英语语法 3
索取号:H314/Z324:3
 
预约/预借
| 序号 | 登录号 | 条形码 | 馆藏地/架位号 | 状态 | 备注 |
| 1 | 382913 | 203829134 | 语言库209/ [索取号:H314/Z324:3] | 在馆 | |
| 2 | 382914 | 203829143 | 语言库209/209语言库 35排5列5层/ [索取号:H314/Z324:3] | 在馆 | |
| 3 | 382915 | 203829152 | 语言库209/209语言库 35排5列5层/ [索取号:H314/Z324:3] | 在馆 |